00201nam a2200073Ia 4500082001200000245003000012100004400042008004100086 aAF LING 0aSusanna M Lingua-Keur 13  a LINGUA, Susanna M. Kaapstaad, 2010 210817s9999 xx 000 0 und d